000 01044nam a2200217 i 4500
001 123982
003 ES-MaACL
005 20250907063108.0
007 t|
008 070214s1925 sp r ||||1| spa d
100 1 _aVilla-Urrutia, Wenceslao Ramírez de Villa-Urrutia,
_cMarqués de,
_d1850-1933
_9114894
245 1 3 _aLa Reina Gobernadora Doña María Cristina de Borbón /
_cMarqués de Villa-Urrutia ; prólogo del Excmo. Sr. [D. Alvaro de Figueroa y Torres] Conde de Romanones.
260 _aMadrid :
_bLibrería Española y Extranjera,
_c1925 (
_fTip. Artística)
300 _aXV, 554 p., 1 lám. ;
_c22 cm.
600 1 4 _aMaría Cristina
_cReina consorte de Fernando VII, Rey de España (
_d1806-1878)
_9150801
651 4 _aEspaña-
_xHistoria-
_z1833-1840, Regencia de María Cristina de Borbón
_98252
651 4 _aEspaña-
_xHistoria-
_y1840-1843, Regencia de Espartero.
_9167869
700 1 _aRomanones, Álvaro de Figueroa y Torres,
_cConde de,
_d1863-1950
_999264
852 _aES-MaACL
_jB-3600
999 _c123982
_d123982